Insolvency and bankruptcy code of india: (Record no. 159328)

MARC details
000 -LEADER
fixed length control field 00836nam a22002057a 4500
005 - DATE AND TIME OF LATEST TRANSACTION
control field 20181214122130.0
010 ## - LCCN (DPL NO)
LC control number ENG-124530
020 ## - INTERNATIONAL STANDARD BOOK NUMBER
International Standard Book Number 9789386515483
Terms of availability 2995.00
035 ## - SYSTEM CONTROL NUMBER
System control number EN-108062
037 ## - SOURCE OF ACQUISITION
Source of stock number/acquisition DBAD/PUB.
082 ## - DEWEY DECIMAL CLASSIFICATION NUMBER
Classification number 346.54078
100 ## - MAIN ENTRY--PERSONAL NAME
Personal name Makhija, Ashish
245 ## - TITLE STATEMENT
Title Insolvency and bankruptcy code of india:
Statement of responsibility, etc by Ashish Makhija; foreward by Vibhu Bakhru
Remainder of title a commentary on inslovency resolution, liquidations,bankruptcy of corporate persons, individuals, sole proprietorship & partnership firms/
260 ## - PUBLICATION, DISTRIBUTION, ETC. (IMPRINT)
Place of publication, distribution, etc Gurgaon
Name of publisher, distributor, etc Lexis Nexis
Date of publication, distribution, etc 2018
270 ## - ADDRESS
City Gurgaon
Postal code 122002
Address 14th Floor, Building No. 10, Tower-B, DLF Cyber City, Phase-II,
300 ## - PHYSICAL DESCRIPTION
Extent civ,2074p
Dimensions 25cm.(Hb)
500 ## - GENERAL NOTE
General note It includes appendix 1 to 17 and subject index
700 ## - ADDED ENTRY--PERSONAL NAME
Personal name Bakhru, Vibhu
942 ## - ADDED ENTRY ELEMENTS (KOHA)
Source of classification or shelving scheme Dewey Decimal Classification
Item type English Books
Classification part 346.54078
Call number suffix MAK
Holdings
Withdrawn status Lost status Not for loan Collection code Home library Current library Date acquired Source of acquisition Cost, normal purchase price Full call number Barcode Copy number Cost, replacement price Koha item type
    Not For Loan Non-fiction D.B.Act.Division Bawana 14/12/2018 DBAD/PUB 2995.00 346.54078 MAK EN-108062 1 2995.00 English Books

© Delhi Public Library
Hit Counter
free hit counter